ITIL - Information Technology Infrastructure Library

ITIL je množina publikácií popisujúcich model najlepších praktík (best practices) pre správu IT služieb založený na procesnom riadení. Jedným z hlavných prínosov existencie tejto knižnice je v tom, že všetky tieto skúsenosti z praxe zhrňuje do jedného uceleného a konzistentného celku.

Salvato in:
Dettagli Bibliografici
Autore principale: Bodiš, Miloš
Natura: Capitolo di libro
Lingua:slovacco
Soggetti:
Tags: Aggiungi Tag
Nessun Tag, puoi essere il primo ad aggiungerne!!

MARC

LEADER 00000nla$a2200000$$$4500
001 0145034
005 20240502072614.2
041 0 |a slo 
044 |a SK 
245 1 0 |a ITIL - Information Technology Infrastructure Library  |c Miloš Bodiš 
520 |a ITIL je množina publikácií popisujúcich model najlepších praktík (best practices) pre správu IT služieb založený na procesnom riadení. Jedným z hlavných prínosov existencie tejto knižnice je v tom, že všetky tieto skúsenosti z praxe zhrňuje do jedného uceleného a konzistentného celku. 
610 2 0 |a technológie informačné 
610 2 0 |a služby 
610 2 0 |a riadenie 
610 2 0 |a štandardy 
100 1 |a Bodiš, Miloš